Type the First Letter of Asian Countries - Sudden Death - Statistics

General Stats
  • This quiz has been taken 1,542 times
  • The average score is 19 of 48
Answers on the Map
Answers color-coded by a green-red scale on the quiz's map according to % correct below.
 
Answer Stats
Country % Correct
Japan
43%
Bangladesh
42%
Iran
42%
Iraq
42%
Laos
42%
Malaysia
42%
Philippines
42%
Singapore
42%
South Korea
42%
Taiwan
42%
Afghanistan
41%
China
41%
Cyprus
41%
Kuwait
41%
Maldives
41%
Nepal
41%
North Korea
41%
Saudi Arabia
41%
Sri Lanka
41%
Vietnam
41%
Yemen
41%
Bhutan
40%
Cambodia
40%
Mongolia
40%
Pakistan
40%
Thailand
40%
Azerbaijan
39%
Brunei
39%
India
39%
Indonesia
39%
Israel
39%
Jordan
39%
Kazakhstan
39%
Myanmar
39%
Oman
39%
Syria
39%
Turkey
39%
Armenia
38%
East Timor
38%
Georgia
38%
Kyrgyzstan
38%
Lebanon
38%
United Arab Emirates
38%
Bahrain
36%
Qatar
36%
Turkmenistan
36%
Uzbekistan
36%
Tajikistan
35%
No matching quizzes found
Score Distribution
Percent of People with Each Score
Percentile by Number Answered
Your Score History
You have not taken this quiz